000 00782nas a2200265 4500
001 BR8006584
003 BR-BrBNA
005 20231205084427.0
007 ta
008 230509b bl.|||p| |||| 00| 00por d
040 _aBR-BrBNA
_bpor
_cBiblioteca Nacional de Agricultura
041 _a(Pt)
072 _aS30
100 1 _aCarneiro, O.P.
100 1 _aSaraiva, W.M.V.
100 1 _aBussadori, L.J.K.
245 1 _aOpcoes dieteticas para alimentacao enteral atraves de jejunostomia [soja, Sao Paulo, Brasil]
650 _aSOJA
650 _aDIETA
650 _aALIMENTACAO
650 _aJEJUNO
773 0 _tAlimentacao e Nutricao (Brazil)
_xISSN 0101-1103
_g(Nov 1980), v. 1(2) p. 46-47
_wBR8006584
909 _a202311
_bLúcia
_c55
_dLúcia Elande
942 _2AGRIS
_n0
_cANA
999 _c105154
_d105154